Geography Quiz

Random Geography or Asia Quiz

10 to 1: Asian Geography Quiz Stats

 Plays Quiz Updated Jun 26, 2017

Support Sporcle.
Go Orange.
Score 0/55 Timer 06:00
8 Plays Today
% Correct
Beijing
94.7%
Bangkok
91.7%
Baghdad
91.3%
Philippines
88.2%
Japan
87.9%
Indonesia
87.8%
Sri Lanka
86.9%
Maldives
86.9%
Taiwan
86.7%
China
85.7%
Himalayas
84.9%
Russia
84.7%
Gobi
84%
Hanging Gardens of Babylon
83.8%
Tokyo
83.8%
India
83.8%
Seoul
83.7%
Jakarta
83.7%
New Delhi
83.7%
Abu Dhabi
83.5%
Mausoleum at Halicarnassus
83.3%
Shanghai
82.6%
Temple of Artemis at Ephesus
82.5%
Mumbai
82.4%
Timor-Leste
81.4%
Yangtze
80.9%
Brunei
80.7%
Islamabad
80.7%
% Correct
Saudi Arabia
80.3%
Hokkaido
80.2%
Honshu
80.1%
Ho Chi Minh City
79.8%
Osaka
78.6%
Kuala Lumpur
77.5%
Bahrain
76.3%
Kazakhstan
76.1%
Arabian
75.7%
Yellow
75.2%
Kyushu
75%
Ural
74.7%
Shikoku
74.6%
Nepal
73.5%
Karachi
70.7%
Mecca
67.8%
Altai
55.1%
Tianjin
55%
Karakum
50.8%
Kyzyl Kum
49.4%
Taklamakan
45.6%
Ghats
44.4%
Thar
43.5%
Almaty
42.5%
Kunlun
41.9%
Tian Shan
41.1%
Zagros
40%

You're not logged in!

Compare scores with friends on all Sporcle quizzes.
OR
Log In
Forgot?

From the Vault

Remove Ads.
Support Sporcle.
Get the best of Sporcle when you Go Orange. This ad-free experience offers more features, more stats, and more fun while also helping to support Sporcle. Thank you for becoming a member.

Show Comments

Extras

Top Quizzes Today


Score Distribution

Your Account Isn't Verified!

In order to create a playlist on Sporcle, you need to verify the email address you used during registration. Go to your Sporcle Settings to finish the process.

Report this User

Report this user for behavior that violates our Community Guidelines.

Details: